000 00886nas a2200301 4500
001 BR9703951
003 BR-BrBNA
005 20231205100407.0
007 ta
008 230509b bl.|||p| |||| 00| 00por d
040 _aBR-BrBNA
_bpor
_cBiblioteca Nacional de Agricultura
041 _a(Pt)
072 _aH60
100 1 _aVoll, E.
100 1 _aKaram, D.
100 1 _aGazziero, D.L.P.
245 1 _aDinamica de populacoes de trapoeraba (Commelina Benghalensis L.)sob manejos de solo e de herbicidas
650 _aSoja
650 _aTrapoeraba
650 _aPopulacao de Planta
650 _aSemente
650 _aHerbicida
650 _aSemeadura
650 _aPos-Emergencia
773 0 _tPesquisa Agropecuaria Brasileira (Brazil)
_xISSN 0100-204X
_g(Jun 1997), v. 32(6) p. 571-578
_wBR9703951
909 _a202311
_bLúcia
_c55
_dLúcia Elande
942 _2AGRIS
_n0
_cANA
999 _c155756
_d155756